| 000 | 01289nam a2200313 c 4500 | ||
|---|---|---|---|
| 999 |
_c142395 _d142395 |
||
| 003 | BLK | ||
| 005 | 20210203103548.0 | ||
| 008 | 180409b bul|||||r ||||||| ||bul|| | ||
| 010 | _aKNG00148484000 | ||
| 040 | _aBLK | ||
| 041 |
_aBUL _cBUL |
||
| 080 |
_aБългарска литература _b821.163.2 _x-93-1 _z821.163.2-93-1 |
||
| 100 | 1 |
_aСтанилов, Васил Павлов _eпърви автор _9365419 |
|
| 139 |
_aСтанилов, Васил Павлов _bС 69 |
||
| 245 | 1 | 0 |
_aСъкровище _bСтихотворения : За предучилищна възраст _cВасил Павлов Станилов; худож. Ани Петрова Бобева. |
| 257 | _aBGR | ||
| 260 |
_bБълг. художник _c1981 _fСофия : ДП Балкан _aСофия |
||
| 300 |
_a16 с. _bс ил. _c32 см |
||
| 380 | _aDX | ||
| 500 | _a45 120 тир. | ||
| 653 | _aлитература за деца | ||
| 653 | _aдетска литература | ||
| 700 | 1 |
_aБобева, Ани Петрова _eхудож. _9379385 |
|
| 852 | _aЦб ІІ 18614 | ||
| 856 | 4 | _qpdf | |
| 856 | 4 | _qpdf | |
| 942 |
_cKNG _n0 _s1 |
||
| 944 |
_aCR _c05.08.2013 _l05.08.2013 - от С1,Р / 05.08.2013 _kПолина_Златанова |
||
| 944 |
_aED _c05.08.2013 _l05.08.2013 - от С1,Р / 05.08.2013 |
||
| 999 | _d142395 | ||